HANDBOOK OF TOURISM (Record no. 28559)
[ view plain ]
| 000 -LEADER | |
|---|---|
| fixed length control field | 00303nam a22001457a 4500 |
| 003 - CONTROL NUMBER IDENTIFIER | |
| control field | SGT |
| 082 ## - DEWEY DECIMAL CLASSIFICATION NUMBER | |
| Classification number | 633 |
| Item number | SHA |
| 100 ## - MAIN ENTRY--PERSONAL NAME | |
| Personal name | SHARMA,YOGESH KUMAR |
| 245 ## - TITLE STATEMENT | |
| Title | HANDBOOK OF TOURISM |
| 250 ## - EDITION STATEMENT | |
| Edition statement | 1ST |
| 260 ## - PUBLICATION, DISTRIBUTION, ETC. (IMPRINT) | |
| Place of publication, distribution, etc | INDIA |
| Name of publisher, distributor, etc | POINTER PUB. |
| Year of Publication | 2017 |
| 300 ## - PAGE DESCRIPTION | |
| No. of Pages | 216 |
| 650 ## - SUBJECT ADDED ENTRY--TOPICAL TERM | |
| Topical term or geographic name as entry element | TOURISM |
| 942 ## - ADDED ENTRY ELEMENTS (KOHA) | |
| Source of classification or shelving scheme | Dewey Decimal Classification |
| Koha item type | Books |
| Withdrawn status | Lost status | Source of classification or shelving scheme | Damaged status | Not for loan | Collection code | Home library | Current library | Shelving location | Date acquired | Vendor Name | Cost, normal purchase price | SGTU | Bill Number | Total Checkouts | Full call number | Accession No. (Barcode) | Date last seen | Bill Date | Koha item type |
|---|---|---|---|---|---|---|---|---|---|---|---|---|---|---|---|---|---|---|---|
| Dewey Decimal Classification | HOTEL MANAGEMENT | SGT Science & Social Sciences Library | SGT Science & Social Sciences Library | Text Book | 31/12/2024 | BIRJWASI | 800.00 | SGTU | BW00094 | 633 SHA | HM1326 | 31/12/2024 | Books | ||||||
| Dewey Decimal Classification | HOTEL MANAGEMENT | SGT Science & Social Sciences Library | SGT Science & Social Sciences Library | Text Book | 31/12/2024 | BIRJWASI | 800.00 | SGTU | BW00094 | 633 SHA | HM1327 | 31/12/2024 | Books |